000
00325nam a2200145Ia 4500
100
_a
Adkoli/ Anand
942
_c
RB
366
_f
15
654
_a
Oracle - NT Hand Book
245
_a
Oracle - NT Hand Book
260
_b
Tata Mcgraw Hill Publishers
_a
New Delhi
_c
1999
082
_a
5.3
300
_a
454
546
_a
ENGLISH
999
_c
21519
_d
21519